The Left Bank : writers, artists, and politics from the Popular Front to the Cold War /

Bibliographic Details
Main Author: Lottman, Herbert R.
Format: Book
Language:English
Published: Boston : Houghton Mifflin, 1982.
Subjects:

MARC

Tag First Indicator Second Indicator Subfields
LEADER 00000pam a2200000 a 4500
001 in00000069939
005 20151008055923.0
008 810928s1982 mau b 00110 eng
010 |a  81013276  
020 |a 0395313228 :  |c $18.95 
035 |a (OCoLC)07876241 
035 |9 AAJ4722AM 
039 0 |a 2  |b 3  |c 3  |d 3  |e 3 
040 |a DLC  |c DLC  |d TXA  |d UtOrBLW 
043 |a e-fr--- 
049 |a TXAM  |c [933217] 
050 0 0 |a DC752.L43  |b L67 
082 0 |a 944/.36  |2 19 
100 1 |a Lottman, Herbert R. 
245 1 4 |a The Left Bank :  |b writers, artists, and politics from the Popular Front to the Cold War /  |c Herbert R. Lottman. 
264 1 |a Boston :  |b Houghton Mifflin,  |c 1982. 
300 |a xiv, 319 pages ;  |c 24 cm. 
336 |a text  |b txt  |2 rdacontent 
337 |a unmediated  |b n  |2 rdamedia 
338 |a volume  |b nc  |2 rdacarrier 
504 |a Includes bibliographical references and index. 
651 0 |a Rive gauche (Paris, France)  |x Intellectual life. 
999 |a MARS 
999 f f |s beef456c-742b-364c-ba12-3a2a524f50e4  |i 1a6b1269-69ea-3c8f-bd82-d5dd54a60ff7  |t 0 
952 f f |p noncirc  |a Texas A&M University  |b J.J. Pickle Campus  |c High Density Repository  |d Remote Storage  |t 0  |e DC752.L43 L67 1982  |h Library of Congress classification  |i unmediated -- volume  |m A1485326825B 
952 f f |p noncirc  |a Texas A&M University  |b J.J. Pickle Campus  |c High Density Repository  |d Remote Storage  |t 0  |e DC752.L43 L67 1982  |h Library of Congress classification  |i unmediated -- volume  |m A14853202181 
952 f f |p ric  |a Texas A&M University  |b Rellis Campus  |c Joint Library Facility  |d Remote Storage  |t 0  |e DC752.L43 L67  |h Library of Congress classification  |i unmediated -- volume  |m A14806097492 
998 f f |a DC752.L43 L67 1982  |t 0  |l Remote Storage 
998 f f |a DC752.L43 L67  |t 0  |l Remote Storage